Biggest Countries Without a 'N' by Population - Statistics

General Stats
  • This quiz has been taken 107 times
  • The average score is 15 of 20
Answer Stats
Population Country % Correct
207 mill Brazil
98%
122 mill Mexico
95%
146 mill Russia
95%
60 mill Italy
92%
92.8 mill Egypt
91%
55 mill South Africa
90%
79 mill Turkey
86%
24 mill Australia
84%
31 mill Peru
81%
37 mill Iraq
80%
51 mill South Korea
80%
49 mill Colombia
79%
104 mill Ethiopia
79%
41 mill Algeria
73%
33 mill Saudi Arabia
72%
34 mill Morocco
67%
32 mill Malaysia
60%
26 mill Mozambique
38%
22.4 mill Madagascar
37%
22.6 mill Cote d'Ivoire
23%
No matching quizzes found
Score Distribution
Percent of People with Each Score
Percentile by Number Answered
Your Score History
You have not taken this quiz